2024 NFL Draft 1st Round - Statistics

General Stats
  • This quiz has been taken 96 times
  • The average score is 20 of 32
Answer Stats
Pick # Team Position Answer % Correct
#1 Bears QB Caleb Williams
99%
#2 Commanders QB Jayden Daniels
97%
#3 Patriots QB Drake Maye
96%
#12 Broncos QB Bo Nix
94%
#4 Cardinals WR Marvin Harrison Jr.
94%
#8 Falcons QB Michael Penix Jr.
94%
#10 Vikings QB J.J. McCarthy
91%
#6 Giants WR Malik Nabers
91%
#13 Raiders TE Brock Bowers
88%
#9 Bears WR Rome Odunze
88%
#5 Chargers OT Joe Alt
85%
#28 Chiefs WR Xavier Worthy
75%
#23 Jaguars WR Brian Thomas Jr.
67%
#32 Panthers WR Xavier Legette
64%
#31 49ers WR Ricky Pearsall
62%
#19 Rams EDGE Jared Verse
54%
#7 Titans OT JC Latham
51%
#22 Eagles CB Quinyon Mitchell
51%
#21 Dolphins EDGE Chop Robinson
49%
#24 Lions CB Terrion Arnold
49%
#27 Cardinals DE Darius Robinson
48%
#16 Seahawks DT Byron Murphy II
47%
#15 Colts EDGE Laiatu Latu
47%
#17 Vikings EDGE Dallas Turner
43%
#30 Ravens CB Nate Wiggins
43%
#11 Jets OT Olumuyiwa Fashanu
43%
#14 Saints OT Taliese Fuaga
30%
#25 Packers OL Jordan Morgan
29%
#18 Bengals OT Amarius Mims
28%
#26 Buccaneers C Graham Barton
28%
#29 Cowboys OT Tyler Guyton
27%
#20 Steelers OT Troy Fautanu
24%
No matching quizzes found
Score Distribution
Percent of People with Each Score
Percentile by Number Answered
Your Score History
You have not taken this quiz